<?xml version="1.0" encoding="UTF-8"?>
<marc:record xmlns:marc="http://www.loc.gov/MARC21/slim">
   <marc:leader>00000nam a2200000 a 4500</marc:leader>
   <marc:datafield ind1="1" ind2=" " tag="100">
      <marc:subfield code="a">Prick, Ilke S.</marc:subfield>
      <marc:subfield code="4">aut</marc:subfield>
      <marc:subfield code="e">Verfasser/-in</marc:subfield>
   </marc:datafield>
   <marc:datafield ind1=" " ind2=" " tag="653">
      <marc:subfield code="a">Gefühle</marc:subfield>
   </marc:datafield>
   <marc:datafield ind1=" " ind2=" " tag="653">
      <marc:subfield code="a">Erste Liebe</marc:subfield>
   </marc:datafield>
   <marc:datafield ind1="0" ind2="0" tag="245">
      <marc:subfield code="a">Schmetterlinge im Ohr</marc:subfield>
   </marc:datafield>
   <marc:datafield ind1=" " ind2="1" tag="264">
      <marc:subfield code="a">Wien</marc:subfield>
      <marc:subfield code="b">Thienemann Verlag</marc:subfield>
      <marc:subfield code="c">2008</marc:subfield>
   </marc:datafield>
   <marc:datafield ind1="1" ind2=" " tag="520">
      <marc:subfield code="a">Mareike ist ein Ohrenmensch. Alles, was sie empfindet, nimmt sie über die Ohren wahr: Gefühle, Stimmungen, Eindrücke. Kein Wunder also, dass sie sich in eine Stimme verliebt - weich wie Honig, süß wie Karamell. Diese Stimme gehört zu Roland Poppelski, dem Moderator von Dr. Popps Radioshow. Regelmäßig sitzt Mareike vorm Radio, um seine Sendung zu hören. Und jetzt das: Sie hat eine Zusage für ein Praktikum bekommen! Bei Roland Poppelski höchstpersönlich. Mit weichen Knien macht Mareike sich auf den Weg zum Sender. Als sie Dr. Popp endlich gegenübersteht, kann sie es kaum glauben: Er sieht genauso umwerfend aus, wie seine Stimme klingt. Aber irgendwo muss es doch einen Haken geben ...Reihe Ich bin Ich! . Ab 13 Jahren #</marc:subfield>
   </marc:datafield>
   <marc:datafield ind1=" " ind2=" " tag="020">
      <marc:subfield code="a">9783522180757</marc:subfield>
      <marc:subfield code="9">9783522180757</marc:subfield>
   </marc:datafield>
   <marc:datafield ind1=" " ind2=" " tag="041">
      <marc:subfield code="a">ger</marc:subfield>
   </marc:datafield>
   <marc:datafield ind1=" " ind2=" " tag="300">
      <marc:subfield code="a">237 S.</marc:subfield>
   </marc:datafield>
</marc:record>
